000 01365cam a2200409 a 4500
001 9463366
003 OSt
005 20180117085952.0
006 innnn i n
007 sd fungnnnmuuu
008 120130s2012 nyu 001 0 eng c
015 _aGBB211980
_2bnb
016 7 _a016026021
_2Uk
020 _a9780393707847 (pbk.)
020 _a0393707849 (pbk.)
035 _a(OCoLC)ocn776773475
035 _a(OCoLC)776773475
035 _a(NNC)9463366
040 _aUKMGB
_cUKMGB
_dBDX
_dZCU
042 _apcc
050 4 _aRC480.7
_b.L85 2012
082 0 4 _a158.39
_223
100 1 _aLukas, Susan Ries.
245 1 0 _aWhere to start and what to ask :
_ban assessment handbook /
_cSusan Lukas.
250 _aEnhanced ed.
260 _aNew York ;
_aLondon :
_bW. W. Norton,
_c[2012]
300 _axvi, 182 p. ;
_c22 cm. +
_e2 sound discs (4 3/4 in.).
500 _aAccompanying CDs provide additional clinical lessons from the author.
650 0 _aInterviewing in psychiatry.
650 0 _aInterviewing in psychiatry
_xTechnique.
650 0 _aInterviewing in mental health.
942 _2ddc
_cBK
948 0 _a20120605
_bx
_crad1
_dMPS
948 1 _a20120606
_bf
_ciw2117
_dOSMC
999 _c2904
_d2904